[Event "Ch Belarus"]
[Site "masterchessopen.com Minsk (Belarus)"]
[Round "8"]
[White "Dydyshko Viacheslav (BLR)"]
[Black "Korzubov Peter (BLR)"]
[Result "0-1"]
[WhiteElo "2460"]
[BlackElo "2450"]

1.d4 Nf6 2.c4 e6 3.Nf3 d5 4.Nc3 Bb4 5.e3 c5 6.Bd3 Nc6 7.O-O O-O 8.a3 Bxc3
9.bxc3 Qc7 10.cxd5 exd5 11.Nh4 Qa5 12.Bb2 c4 13.Bc2 Re8 14.Qe1 Ne7 15.h3 Qc7
16.Qb1 Bd7 17.Re1 Ne4 18.Re2 a5 19.Nf3 Ng6 20.Kh1 Ra6 21.Qg1 Qc8 22.Qh2 Rf6
23.Bxe4 dxe4 24.Ng1 Nh4 25.Rf1 Rh6 26.f4 exf3 27.gxf3 Ng6 28.Kg2 Bxh3+ 29.Nxh3
Rxh3 30.Qxh3 Nf4+ 31.exf4 Rxe2+ 32.Kg3 Qxh3+ 33.Kxh3 Rxb2 34.Re1 Kf8 35.a4 Rc2
36.Re3 Ra2 37.Kg4 Rxa4 38.Kf5 Ra2 39.Ke5 Rb2 40.Kd5 a4 41.Kxc4 a3 {#R} 0-1

[Event "It (cat.8)"]
[Site "masterchessopen.com Rostock (Germany)"]
[Round "8"]
[White "Knaak Rainer (GER)"]
[Black "Tischbierek Raj (GER)"]
[Result "0-1"]
[WhiteElo "2530"]
[BlackElo "2450"]

1.d4 Nf6 2.c4 e6 3.Nc3 Bb4 4.e3 O-O 5.Bd3 d5 6.Nf3 c5 7.O-O Nc6 8.a3 Bxc3
9.bxc3 Qc7 10.cxd5 exd5 11.Nh4 Qa5 12.Bd2 c4 13.Bb1 Ne4 14.Be1 Qd8 15.g3 Bh3
16.Ng2 f5 17.f3 Bxg2 18.Kxg2 Nd6 19.Bd2 b5 20.Kh1 a5 21.Bc2 Kh8 22.Rg1 Qf6
23.Qf1 Rab8 24.Qh3 b4 25.axb4 axb4 26.Ra6 bxc3 27.Bxc3 Nb4 28.Bxb4 Rxb4 29.g4
Rb2 30.Bxf5 g6 31.Ra7 Nf7 32.f4 gxf5 33.g5 Qe6 {#R} 0-1

[Event "Ch URS (young masters)"]
[Site "masterchessopen.com Vilnius (Lithuania)"]
[Round "0"]
[White "Azmaiparashvili Zurab (GEO)"]
[Black "Shneider Aleksandr (UKR)"]
[Result "1-0"]
[WhiteElo "2460"]
[BlackElo "2460"]

1.c4 e6 2.Nc3 Nf6 3.d4 Bb4 4.e3 c5 5.Bd3 Nc6 6.Nf3 d5 7.O-O O-O 8.a3 Bxc3
9.bxc3 Qc7 10.Qc2 dxc4 11.Bxc4 Rd8 12.Bb2 b6 13.Bd3 Bb7 14.e4 h6 15.Qe2 Rac8
16.Rfe1 Na5 17.Rad1 Bc6 18.Nd2 Ba4 19.Rc1 Nb3 20.Nxb3 Bxb3 21.e5 Nd7 22.Qe4
Nf8 23.h4 cxd4 24.cxd4 Qd7 25.Rc3 Rxc3 26.Bxc3 Rc8 27.Bb4 Bc2 28.Ba6 Rd8
29.Qe2 Ba4 30.Bd6 Qc6 31.Qe4 Qc3 32.Qe3 Qa5 33.Bb7 Rd7 34.Be4 Rd8 35.Rc1 Qa6
36.Rc7 Be8 37.Qf3 Qa4 38.Bc6 Qxd4 39.Bxe8 f5 40.Qg3 {#r} 1-0

[Event "Ch Argentina"]
[Site "masterchessopen.com Buenos Aires (Argentina)"]
[Round "3"]
[White "Barbero Gerardo F (ARG)"]
[Black "Ricardi Pablo (ARG)"]
[Result "0-1"]
[WhiteElo "2455"]
[BlackElo "2495"]

1.d4 Nf6 2.c4 e6 3.Nc3 Bb4 4.e3 c5 5.Bd3 Nc6 6.Nf3 d5 7.O-O O-O 8.a3 Bxc3
9.bxc3 Qc7 10.cxd5 exd5 11.Nh4 b6 12.f3 Re8 13.Ra2 Bb7 14.g4 Nd7 15.Nf5 Ne7
16.Ng3 Nc8 17.e4 Nd6 18.e5 Nc4 19.f4 b5 20.Raf2 cxd4 21.cxd4 Qb6 22.Bb1 a5
23.f5 Ndxe5 24.dxe5 Rxe5 25.f6 g6 26.Ne2 Rae8 27.Nd4 b4 28.axb4 axb4 29.Bf4
Ne3 30.Bxe3 Rxe3 31.Qd2 Ba6 32.Rd1 b3 33.Kg2 Bd3 34.Bxd3 Qxd4 35.h3 Qe5 36.Rf3
Rxf3 37.Kxf3 Qxf6+ 38.Kg2 b2 39.Rb1 Qd4 40.Rxb2 Kg7 41.Rb3 Re3 42.Qc2 Qe5
43.Bf1 Qg3+ 44.Kh1 Rxb3 {#R} 0-1

[Event "Ch World (team) (under 26)"]
[Site "masterchessopen.com Mendoza (Argentina)"]
[Round "8"]
[White "Ricardi Pablo (ARG)"]
[Black "Smith J R (WLS)"]
[Result "1-0"]
[WhiteElo "2495"]
[BlackElo "2165"]

1.d4 Nf6 2.c4 e6 3.Nc3 Bb4 4.e3 O-O 5.Bd3 c5 6.Nf3 d5 7.O-O Nc6 8.a3 Bxc3
9.bxc3 Qc7 10.Qc2 b6 11.Bb2 dxc4 12.Bxc4 Bb7 13.Bd3 Na5 14.Ne5 c4 15.Be2 Be4
16.Qd1 Nd5 17.Re1 f6 18.Nf3 Nb3 19.Ra2 b5 20.Nd2 Nxd2 21.Qxd2 Rfc8 22.Raa1
Rab8 23.Bg4 Rb6 24.f3 Bd3 25.e4 Qf4 26.Qf2 Nc7 27.e5 Qh6 28.Bc1 Qg6 29.exf6
gxf6 30.Qh4 Kh8 31.Bf4 Bf5 32.Bxf5 Qxf5 33.Bxc7 Rxc7 34.Re4 Rg7 35.Rf4 Qg5
36.Qxg5 fxg5 37.Rf6 Rd7 38.Re1 Rdd6 39.Rf7 Ra6 40.Re5 Rxa3 41.Rxg5 Rxc3 {#r}
1-0

[Event "Ch Argentina"]
[Site "masterchessopen.com Argentina"]
[Round "0"]
[White "Acosta Tomas (ARG)"]
[Black "Servat Roberto (ARG)"]
[Result "1-0"]
[WhiteElo "2275"]
[BlackElo "2285"]

1.d4 Nf6 2.c4 e6 3.Nc3 Bb4 4.e3 O-O 5.Bd3 d5 6.Nf3 c5 7.O-O Nc6 8.a3 Bxc3
9.bxc3 Qc7 10.a4 dxc4 11.Bxc4 e5 12.dxe5 Nxe5 13.Nxe5 Qxe5 14.Qe2 Be6 15.Bd3
Rad8 16.Ra3 Nd7 17.c4 Qc7 18.f4 f5 19.e4 Nb8 20.g4 fxg4 21.f5 Bf7 22.Qxg4 Rxd3
23.Rxd3 Bxc4 24.Rg3 Bxf1 25.Bb2 Rf7 26.e5 Ba6 27.e6 Re7 28.f6 g6 29.fxe7 Qxe7
30.Rh3 Nc6 31.Qxg6+ {#r} 1-0

[Event "?"]
[Site "masterchessopen.com Budapest (Hungary)"]
[Round "0"]
[White "Groszpeter Attila (HUN)"]
[Black "Barczay Laszlo (HUN)"]
[Result "0-1"]
[WhiteElo "2521"]
[BlackElo "2375"]

1.d4 Nf6 2.c4 e6 3.Nc3 Bb4 4.e3 c5 5.Bd3 d5 6.Nf3 O-O 7.O-O Nc6 8.a3 Bxc3
9.bxc3 Qc7 10.h3 b6 11.Bb2 dxc4 12.Bxc4 Bb7 13.Qe2 Na5 14.Ba2 Rac8 15.Ne5 cxd4
16.cxd4 Qc2 17.Qxc2 Rxc2 18.Rab1 Ne4 19.Nd3 Ba6 20.Nb4 Bxf1 21.Nxc2 Bc4 22.Nb4
Bxa2 23.Nxa2 Rc8 24.f3 Nd2 25.Rc1 Rxc1+ 26.Bxc1 Ndc4 27.e4 b5 28.Kf2 Nb3
29.Be3 Kf8 30.d5 exd5 31.exd5 a5 32.Ba7 Ke7 33.Nc3 Nxa3 34.Ke3 b4 35.Na4 Kd6
36.Ke4 f5+ 37.Kxf5 Kxd5 38.g4 Nb5 39.Bb6 Nc3 40.Nb2 a4 41.Nd3 Kc4 42.Nb2+ Kb5
43.Nxa4 Nxa4 44.Ba7 Kc4 45.Ke5 Nd2 {#R} 0-1

[Event "?"]
[Site "masterchessopen.com Vrnjacka Banja (Serbia)"]
[Round "0"]
[White "Semkov Semko (BUL)"]
[Black "Drasko Milan (MNE)"]
[Result "1-0"]
[WhiteElo "2450"]
[BlackElo "2465"]

1.d4 Nf6 2.c4 e6 3.Nc3 Bb4 4.e3 O-O 5.Bd3 d5 6.Nf3 c5 7.O-O Nc6 8.a3 Bxc3
9.bxc3 Qc7 10.cxd5 exd5 11.Nh4 Ne7 12.a4 c4 13.Bc2 Ng6 14.Nf5 Ne4 15.Ng3 f5
16.Ne2 Bd7 17.f3 Nf6 18.Qd2 Rae8 19.Ng3 Nh4 20.Ba3 Rf7 21.Rae1 h6 22.Re2 g5
23.Qe1 Rg7 24.e4 f4 25.e5 fxg3 26.exf6 gxh2+ 27.Kh1 Rxe2 28.Qxe2 Rf7 29.Qe5
Qc8 30.f4 g4 31.f5 Qe8 32.Kxh2 Bxa4 33.Qxe8+ Bxe8 34.Be7 {#r} 1-0

[Event "Izt"]
[Site "masterchessopen.com Zagreb (Croatia)"]
[Round "0"]
[White "Baragar Fletcher (CAN)"]
[Black "Ehlvest Jaan (USA)"]
[Result "1-0"]
[WhiteElo "2320"]
[BlackElo "2540"]

1.d4 Nf6 2.c4 e6 3.Nc3 Bb4 4.e3 O-O 5.Bd3 d5 6.Nf3 c5 7.O-O Nc6 8.a3 Bxc3
9.bxc3 Qc7 10.cxd5 exd5 11.Nh4 Ne7 12.g3 Re8 13.f3 Ng6 14.Nf5 Bxf5 15.Bxf5 Ne7
16.Bb1 Nc8 17.Ra2 Nd6 18.Re2 Rac8 19.a4 Qa5 20.Rfe1 Nc4 21.Qd3 Nb6 22.e4 c4
23.Qc2 dxe4 24.fxe4 Qxa4 25.Qd2 Re6 26.Qf4 Qb5 27.Bc2 Qh5 28.Qf1 Qa5 29.Qf3
Rce8 30.g4 R6e7 31.g5 Nfd7 32.h4 Nf8 33.Rf1 Na4 34.Bd2 b5 35.Ref2 Nb2 36.h5
Qb6 37.e5 a5 38.Kh2 b4 39.Be4 Nd3 40.Rg2 b3 41.g6 hxg6 42.hxg6 Nxg6 43.Rxg6
fxg6 44.Bd5+ Re6 45.Qf7+ Kh7 46.Kg3 {#r} 1-0

[Event "Ch World (juniors) (under 20)"]
[Site "masterchessopen.com Adelaide (Australia)"]
[Round "8"]
[White "Lin Weiguo (CHN)"]
[Black "Ivanchuk Vassily (UKR)"]
[Result "1-0"]
[WhiteElo "2447"]
[BlackElo "2625"]

1.d4 Nf6 2.c4 e6 3.Nc3 Bb4 4.e3 O-O 5.Bd3 c5 6.Nf3 d5 7.O-O Nc6 8.a3 Bxc3
9.bxc3 Qc7 10.cxd5 exd5 11.Nh4 Ne7 12.g3 Bh3 13.Re1 Qd7 14.f3 Ng6 15.Ng2 cxd4
16.cxd4 Bf5 17.Bf1 Rac8 18.Ra2 Rc7 19.g4 Rfc8 20.Bd2 Bc2 21.Qa1 Bb3 22.Rb2 Bc4
23.a4 h5 24.gxh5 Nxh5 25.Bxc4 Rxc4 26.Qb1 Qxa4 27.Rxb7 Rc2 28.Rd1 Nf6 29.Ne1
Ra2 30.Rc1 Rxc1 31.Qxc1 Nf8 32.Bb4 N8d7 33.Bc3 Qa6 34.Rb2 Ra3 35.Rc2 Nb6
36.Rg2 Nc4 37.e4 dxe4 38.Bb4 Rb3 39.Qh6 {#r} 1-0

[Event "?"]
[Site "masterchessopen.com Berlin (Germany)"]
[Round "8"]
[White "Balashov Yuri S (RUS)"]
[Black "Dizdar Goran (CRO)"]
[Result "1-0"]
[WhiteElo "2540"]
[BlackElo "2500"]

1.d4 e6 2.c4 Nf6 3.Nc3 Bb4 4.e3 O-O 5.Bd3 d5 6.Nf3 c5 7.O-O Nc6 8.a3 Bxc3
9.bxc3 Qc7 10.cxd5 exd5 11.h3 Ne7 12.dxc5 Qxc5 13.a4 Re8 14.Ba3 Qxc3 15.Nd4
Bd7 16.Qb1 Qc7 17.Rc1 Bc6 18.a5 a6 19.Qb6 Qxb6 20.axb6 Nd7 21.Bxe7 Rxe7
22.Nxc6 bxc6 23.Rxc6 Ne5 24.Rc7 Rxc7 25.bxc7 Rc8 26.Rb1 Nc6 27.Bxa6 Rxc7
28.Rc1 {#r} 1-0

[Event "?"]
[Site "masterchessopen.com Berlin (Germany)"]
[Round "3"]
[White "Weiss-Nowack Christian (GER)"]
[Black "Balashov Yuri S (RUS)"]
[Result "0-1"]
[WhiteElo "2245"]
[BlackElo "2540"]

1.d4 Nf6 2.c4 e6 3.Nc3 Bb4 4.e3 O-O 5.Bd3 d5 6.Nf3 c5 7.O-O Nc6 8.a3 Bxc3
9.bxc3 Qc7 10.cxd5 exd5 11.Nh4 Ne7 12.g3 Bh3 13.Re1 Ng6 14.Ng2 Qd7 15.f3 Bf5
16.Bf1 h5 17.Ra2 Rac8 18.Rb2 Rc7 19.Bd2 c4 20.a4 Re8 21.Qa1 Nf8 22.Qa2 Ne6
23.Nh4 Bh7 24.e4 dxe4 25.Bxc4 Nxd4 26.Bxf7+ Qxf7 27.Qxf7+ Rxf7 28.cxd4 Rd7
29.Rb4 Nd5 30.Rb3 Nb6 31.Rb4 Nd5 32.Rb3 b6 33.fxe4 Rxe4 34.Rxe4 Bxe4 35.a5 Rc7
36.axb6 axb6 37.Nf3 Rc2 38.Bg5 Kf7 39.Nd2 Bf5 40.h4 Ke6 41.Kf1 Rc3 42.Rxc3
Nxc3 43.Ke1 Kd5 44.Be3 b5 45.Nf1 b4 46.Bf2 b3 47.Ne3+ Ke4 48.Nc4 Kd3 49.Ne5+
Kc2 {#R} 0-1

[Event "Olympiad"]
[Site "masterchessopen.com Salonika (Greece)"]
[Round "0"]
[White "Knaak Rainer (GER)"]
[Black "Arduman Can (TUR)"]
[Result "1-0"]
[WhiteElo "2500"]
[BlackElo "2336"]

1.d4 Nf6 2.c4 e6 3.Nc3 Bb4 4.e3 O-O 5.Bd3 d5 6.Nf3 c5 7.O-O Nc6 8.a3 Bxc3
9.bxc3 Qc7 10.cxd5 exd5 11.Nh4 Ne7 12.a4 b6 13.Ba3 Be6 14.Rc1 Rfd8 15.Qe2 Ng6
16.Nxg6 hxg6 17.c4 dxc4 18.Bxc4 Bxc4 19.Rxc4 Rd5 20.dxc5 bxc5 21.Rfc1 Rh5
22.f4 Nd7 23.Qf3 Rb8 24.e4 Qa5 25.e5 Nb6 26.Rxc5 Qxa4 27.g4 Rh4 28.h3 Qd4+
29.Kh1 Rd8 30.R5c3 Qd5 31.Kh2 Re8 32.Qxd5 Nxd5 33.Rc8 Rxc8 34.Rxc8+ Kh7 35.Kg3
Rh6 36.g5 Rh5 37.Bc1 Ne7 38.Rc7 Nf5+ 39.Kh2 Nd4 40.Rxf7 a5 41.Rd7 Nf3+ 42.Kg3
Ng1 43.h4 Ne2+ 44.Kg4 {#r} 1-0

[Event "Ch Yugoslavia"]
[Site "masterchessopen.com Yugoslavia"]
[Round "0"]
[White "Djuric Stefan (SRB)"]
[Black "Abramovic Bosko (SRB)"]
[Result "0-1"]
[WhiteElo "2463"]
[BlackElo "2445"]

1.d4 Nf6 2.c4 e6 3.Nc3 Bb4 4.e3 O-O 5.Bd3 c5 6.Nf3 d5 7.O-O Nc6 8.a3 Bxc3
9.bxc3 Qc7 10.h3 dxc4 11.Bxc4 b6 12.Re1 Bb7 13.e4 cxd4 14.e5 Nd5 15.Bxd5 exd5
16.cxd4 Bc8 17.Qd3 Ne7 18.a4 Bf5 19.Qa3 Nc6 20.Bd2 Be4 21.Rac1 Qb7 22.Qe3 Bxf3
23.Qxf3 Nxd4 24.Qg4 Nb3 25.Bh6 f5 26.exf6 Rxf6 27.Bg5 Rf7 28.Rb1 Nc5 29.a5 b5
30.Qd4 Ne4 31.a6 Qd7 32.Be3 Rc8 33.Rec1 Rxc1+ 34.Rxc1 h6 35.Qd3 b4 36.Rb1 Qd6
37.Qb5 Rd7 38.Qxb4 Nc3 39.Qa5 d4 40.Bd2 Ne4 41.Be1 Qe6 42.Rb5 d3 43.Re5 Qc4
44.Re8+ Kf7 45.Qh5+ g6 46.Qe5 d2 47.Bxd2 Nxd2 48.Qh8 Qc1+ 49.Kh2 Nf1+ 50.Kg1
Nh2+ {#R} 0-1

[Event "It (open)"]
[Site "masterchessopen.com Alicante (Spain)"]
[Round "0"]
[White "Villavicencio Adalberto (ESP)"]
[Black "Rodriguez Talavera Juan C (ESP)"]
[Result "1-0"]
[WhiteElo "2310"]
[BlackElo "2405"]

1.d4 Nf6 2.c4 e6 3.Nf3 d5 4.Nc3 Bb4 5.e3 O-O 6.Bd3 c5 7.O-O Nc6 8.a3 Bxc3
9.bxc3 Qc7 10.cxd5 exd5 11.a4 c4 12.Bb1 Bg4 13.Qe1 Bxf3 14.gxf3 Qd7 15.Bc2 Na5
16.Rb1 a6 17.Kh1 Qh3 18.Qd1 Rfe8 19.Rg1 Re6 20.Rg3 Qh4 21.Bf5 Rc6 22.Qg1 Ne8
23.Rh3 Qf6 24.Bxh7+ Kf8 25.Ba3+ Nd6 26.e4 g6 27.Bxg6 fxg6 28.e5 Qf5 29.Rh8+
Kg7 30.Rxa8 Qxf3+ 31.Qg2 Qd3 32.Rg1 Ne4 33.f3 Nd2 34.Qh3 Qxf3+ 35.Qxf3 Nxf3
36.Rf1 Nh4 37.Bf8+ {#r} 1-0

[Event "It (cat.10)"]
[Site "masterchessopen.com Berlin (Germany)"]
[Round "0"]
[White "Knaak Rainer (GER)"]
[Black "Tischbierek Raj (GER)"]
[Result "1-0"]
[WhiteElo "2485"]
[BlackElo "2454"]

1.d4 Nf6 2.c4 e6 3.Nc3 Bb4 4.e3 O-O 5.Nf3 d5 6.Bd3 c5 7.O-O Nc6 8.a3 Bxc3
9.bxc3 Qc7 10.cxd5 exd5 11.Nh4 Ne7 12.a4 Re8 13.Ba3 c4 14.Bc2 Ng6 15.Nf5 Ne4
16.Qh5 Nxc3 17.Ng3 b5 18.Bb4 Nxa4 19.Qxd5 Bd7 20.Bxa4 bxa4 21.Rfc1 Be6 22.Qh5
Qb7 23.Ba3 Rad8 24.Rab1 Qa8 25.Rc3 Rb8 26.Rbc1 Rb3 27.e4 Qb7 28.h3 f6 29.Qa5
Qd7 30.d5 Bf7 31.Rxc4 Rxa3 32.Rc7 Qd8 33.Qxa7 Rf8 34.Nf5 Rd3 35.Qxa4 Nf4
36.Kh2 Qb8 37.Rc8 Qb7 38.Rxf8+ Kxf8 39.Nd6 Qb6 40.Qa8+ Ke7 41.Nc8+ {#r} 1-0

[Event "Memorial Em.Lasker"]
[Site "masterchessopen.com Berlin (Germany)"]
[Round "10"]
[White "Feick Stefan (GER)"]
[Black "Abramovic Bosko (SRB)"]
[Result "0-1"]
[WhiteElo "2210"]
[BlackElo "2465"]

1.d4 Nf6 2.c4 e6 3.Nc3 Bb4 4.e3 O-O 5.Bd3 d5 6.Nf3 c5 7.O-O Nc6 8.a3 Bxc3
9.bxc3 Qc7 10.cxd5 exd5 11.Nh4 c4 12.Bc2 Ne4 13.Qe1 Qe7 14.g3 Bh3 15.Ng2 f5
16.a4 Nd6 17.Ba3 Rae8 18.Qd2 Bxg2 19.Kxg2 Rf6 20.Rfe1 Qd7 21.f3 Nf7 22.e4 fxe4
23.fxe4 dxe4 24.Rxe4 Qd5 25.Kg1 Rxe4 26.Bxe4 Qxe4 27.Re1 Ng5 28.Rxe4 Nf3+ {#R}
0-1

[Event "It (open)"]
[Site "masterchessopen.com Copenhagen (Denmark)"]
[Round "0"]
[White "Muir Andrew J (SCO)"]
[Black "Lerner Konstantin Z (UKR)"]
[Result "0-1"]
[WhiteElo "2311"]
[BlackElo "2560"]

1.d4 Nf6 2.c4 e6 3.Nc3 Bb4 4.e3 O-O 5.Bd3 d5 6.Nf3 c5 7.O-O Nc6 8.a3 Bxc3
9.bxc3 Qc7 10.cxd5 exd5 11.Nh4 Ne7 12.a4 b6 13.Re1 Re8 14.g3 Ng6 15.Ng2 Ne4
16.f3 Nd6 17.e4 cxd4 18.cxd4 dxe4 19.fxe4 Qc3 20.Be3 Nxe4 21.Rc1 Qa3 22.Bb5
Re7 23.Bc6 Bb7 24.d5 Rd8 25.Bxb7 Rxb7 26.Bxb6 axb6 27.Rxe4 Re7 28.Rec4 Ne5
29.R4c3 Qd6 30.Ne3 g6 31.Kg2 Qb4 32.Nc4 Rc7 33.Qd4 Nd7 34.d6 Rc5 35.Rf1 Qxa4
36.Qh4 Rf8 37.Rcc1 Qc6+ 38.Kg1 b5 39.Ne3 Rxc1 {#R} 0-1

[Event "It (open)"]
[Site "masterchessopen.com Bochum (Germany)"]
[Round "0"]
[White "Preuss Manfred (GER)"]
[Black "Witt Rob (NED)"]
[Result "1-0"]
[WhiteElo "2016"]
[BlackElo "2239"]

1.d4 Nf6 2.c4 e6 3.Nc3 Bb4 4.Nf3 c5 5.e3 O-O 6.a3 Bxc3+ 7.bxc3 d5 8.Bd3 Nc6
9.O-O Qc7 10.Qc2 h6 11.Re1 b6 12.e4 dxc4 13.Bxc4 Na5 14.e5 Ne8 15.Ba2 c4
16.Bb1 f5 17.exf6 Nxf6 18.Ne5 Nb3 19.Bxh6 gxh6 20.Re3 Rf7 21.Qg6+ Rg7 22.Qxf6
Nxa1 23.Qxh6 Bb7 24.Qxe6+ Kf8 25.Rh3 Rxg2+ 26.Kf1 {#r} 1-0

[Event "It \"]
[Site "masterchessopen.com Budapest (Hungary)"]
[Round "2"]
[White "Schneider Attila (HUN)"]
[Black "Shereshevski Mikhail (BLR)"]
[Result "0-1"]
[WhiteElo "2266"]
[BlackElo "2475"]

1.d4 Nf6 2.c4 e6 3.Nc3 Bb4 4.e3 O-O 5.Bd3 c5 6.Nf3 Nc6 7.O-O d5 8.a3 Bxc3
9.bxc3 Qc7 10.cxd5 exd5 11.Nh4 Qa5 12.Bd2 Ne4 13.Be1 c4 14.Bb1 Qd8 15.g3 Bh3
16.Ng2 f5 17.Ra2 Qd7 18.f3 Nf6 19.Raf2 Rfe8 20.Bd2 Re7 21.Re1 Bxg2 22.Kxg2
Rae8 23.Bc2 Nd8 24.Qb1 g6 25.Rfe2 Nf7 26.Qb4 Nd6 27.h4 f4 28.gxf4 Nh5 29.e4
dxe4 30.Bxe4 Kg7 31.Kf2 Qh3 32.Qxd6 Qh2+ {#R} 0-1

[Event "It (open)"]
[Site "masterchessopen.com Groningen (Netherlands)"]
[Round "0"]
[White "Martinovsky Eugene (USA)"]
[Black "Dizdar Goran (CRO)"]
[Result "0-1"]
[WhiteElo "2375"]
[BlackElo "2530"]

1.d4 Nf6 2.Nf3 d5 3.c4 e6 4.Nc3 Bb4 5.e3 O-O 6.a3 Bxc3+ 7.bxc3 c5 8.Bd3 Nc6
9.O-O Qc7 10.Qe2 dxc4 11.Bxc4 e5 12.dxe5 Nxe5 13.Nxe5 Qxe5 14.f4 Qe7 15.Bd3
Re8 16.Re1 Bg4 17.Qc2 Rad8 18.h3 Qd7 19.Bxh7+ Nxh7 20.hxg4 Qxg4 21.c4 Qg3
22.Qf2 Qxf2+ 23.Kxf2 Re4 24.Re2 Nf6 25.Rc2 Ng4+ 26.Kf3 f5 27.a4 Rd3 28.Ke2 Rb3
29.a5 Kf7 30.Raa2 Nxe3 31.Bxe3 Rbxe3+ 32.Kf2 Rb3 33.Rab2 Rxf4+ 34.Kg1 Rb4
35.Rxb4 cxb4 36.c5 b3 37.Rb2 Rb4 38.Kf2 Ke6 39.Ke3 Kd5 40.Kd3 Kxc5 41.Kc3 Rc4+
{#R} 0-1

[Event "Ch Bulgaria (team) (w)"]
[Site "masterchessopen.com Bankja (Bulgaria)"]
[Round "0"]
[White "Kolchakova Jeni (BUL)"]
[Black "Koen Maja (BUL)"]
[Result "0-1"]
[WhiteElo "1993"]
[BlackElo "2105"]

1.c4 e6 2.Nc3 d5 3.d4 Bb4 4.e3 Nf6 5.Bd3 O-O 6.Nf3 c5 7.O-O Nc6 8.a3 Bxc3
9.bxc3 Qc7 10.Qe2 Rd8 11.Bb2 dxc4 12.Bxc4 Na5 13.Bd3 b6 14.e4 Bb7 15.e5 Nd7
16.Ng5 Nf8 17.Rad1 Rac8 18.f4 h6 19.Ne4 Bxe4 20.Bxe4 cxd4 21.cxd4 Qc4 22.Bd3
Qa4 23.f5 Nc4 24.fxe6 Nxe6 25.Bxc4 Rxc4 26.d5 Nf4 27.Qf3 Qb5 28.e6 fxe6
29.Bxg7 Kxg7 30.Qg3+ Kh7 31.Rxf4 Rxf4 32.Qxf4 {#R} 0-1

[Event "Tournament (team)"]
[Site "masterchessopen.com Bankja (Bulgaria)"]
[Round "1"]
[White "Semkov Semko (BUL)"]
[Black "Panajotov Janko (BUL)"]
[Result "1-0"]
[WhiteElo "2450"]
[BlackElo "2219"]

1.d4 Nf6 2.c4 e6 3.Nc3 Bb4 4.e3 O-O 5.Bd3 c5 6.Nf3 d5 7.O-O Nc6 8.a3 Bxc3
9.bxc3 Qc7 10.cxd5 exd5 11.Nh4 Ne7 12.a4 Re8 13.Ba3 c4 14.Bc2 Ng4 15.g3 Nf6
16.f3 Ng6 17.Ng2 Bh3 18.Qd2 Re6 19.Rfe1 Bxg2 20.Kxg2 Rc8 21.Re2 h5 22.Rae1 h4
23.e4 dxe4 24.fxe4 hxg3 25.hxg3 b6 26.e5 Nd5 27.Kg1 a5 28.Rh2 Qd8 29.Rf1 Rcc6
30.Rh5 Nde7 31.Qh2 f6 32.Bxe7 Nxe7 33.exf6 Rxf6 34.Rh8+ {#r} 1-0

[Event "It (open)"]
[Site "masterchessopen.com Forli (Italy)"]
[Round "1"]
[White "Kievelitz Bernd (GER)"]
[Black "Giorgadze Giorgi (GEO)"]
[Result "0-1"]
[WhiteElo "2062"]
[BlackElo "2525"]

1.Nf3 d5 2.d4 Nf6 3.c4 e6 4.Nc3 Bb4 5.e3 O-O 6.Bd3 c5 7.O-O Nc6 8.a3 Bxc3
9.bxc3 Qc7 10.Qc2 dxc4 11.Bxc4 e5 12.Nxe5 Nxe5 13.dxe5 Qxe5 14.f3 Nd5 15.Bxd5
Qxd5 16.e4 Qc4 17.Be3 Bd7 18.a4 Rad8 19.Rfd1 Bc6 20.a5 h6 21.Rd2 Bb5 22.Rc1
Rfe8 23.Qa2 Rxd2 24.Qxc4 Rxg2+ 25.Kxg2 Bxc4 26.Bxc5 a6 27.Bd4 f6 28.Re1 Kf7
29.f4 Bd5 30.Kf3 f5 31.Kf2 Bxe4 32.h4 g6 33.Re3 Rd8 34.Rg3 Rd5 35.h5 gxh5
36.Rg7+ Ke8 37.Bb6 h4 38.Rg6 Rd2+ 39.Kg1 h3 40.Rxh6 Rg2+ 41.Kf1 {#R} 0-1

[Event "It (open)"]
[Site "masterchessopen.com Gausdal (Norway)"]
[Round "2"]
[White "Bjerke Richard (NOR)"]
[Black "Thorsson Olafur (ISL)"]
[Result "1-0"]
[WhiteElo "2285"]
[BlackElo "2225"]

1.d4 Nf6 2.c4 e6 3.Nc3 d5 4.Nf3 Bb4 5.e3 c5 6.Bd3 Nc6 7.O-O O-O 8.a3 Bxc3
9.bxc3 Qc7 10.cxd5 exd5 11.Nh4 Ne7 12.a4 Re8 13.Ba3 c4 14.Bc2 Ne4 15.Qe1 Ng6
16.f3 Nf6 17.Nxg6 hxg6 18.g4 Bd7 19.Qf2 Bc6 20.Bc1 a6 21.a5 Re6 22.Kg2 Rae8
23.h4 Qe7 24.Bd2 Nd7 25.Rh1 Rxe3 26.Bxe3 Qxe3 27.Rhe1 Qxf2+ 28.Kxf2 Nb8 {#r}
1-0

[Event "It (open) \"]
[Site "masterchessopen.com Gausdal (Norway)"]
[Round "0"]
[White "Giorgadze Giorgi (GEO)"]
[Black "Bjerke Richard (NOR)"]
[Result "1-0"]
[WhiteElo "2525"]
[BlackElo "2285"]

1.d4 Nf6 2.c4 e6 3.Nc3 Bb4 4.e3 O-O 5.Bd3 d5 6.Nf3 c5 7.O-O Nc6 8.a3 Bxc3
9.bxc3 Qc7 10.cxd5 exd5 11.Nh4 Ne7 12.a4 Re8 13.Ba3 c4 14.Bc2 Ng6 15.Nf5 Ne4
16.Bxe4 Rxe4 17.Nd6 Re6 18.Nxc8 Rxc8 19.Qh5 Rd8 20.Rfb1 Rb6 21.Qd1 Rxb1
22.Rxb1 Qd7 23.Rb5 b6 24.h3 Ne7 25.Qf3 Nc8 26.e4 dxe4 27.Qxe4 Nd6 28.Bxd6 Qxd6
29.a5 g6 30.axb6 axb6 31.Rb4 Rc8 32.g3 Qd7 33.Qg4 Qxg4 34.hxg4 Rc6 35.Kg2 Kf8
36.Kf3 Rf6+ 37.Ke3 Re6+ 38.Kd2 Rc6 39.f4 Ke7 40.Ke3 Kd6 41.Ke4 {#r} 1-0

[Event "Ch Austria (1/2 final)"]
[Site "masterchessopen.com Hartberg (Austria)"]
[Round "0"]
[White "Nickl Klaus (AUT)"]
[Black "Liedl Wolfgang (AUT)"]
[Result "1-0"]
[WhiteElo "2144"]
[BlackElo "2224"]

1.d4 Nf6 2.c4 e6 3.Nc3 Bb4 4.e3 O-O 5.Bd3 d5 6.Nf3 c5 7.O-O Nc6 8.a3 Bxc3
9.bxc3 Qc7 10.Qe2 dxc4 11.Bxc4 e5 12.h3 e4 13.Nh2 Ne7 14.Bb2 Nf5 15.Ba2 Re8
16.Rfd1 Bd7 17.dxc5 Ba4 18.Rd2 Qxc5 19.Ng4 Nxg4 20.Rd5 Qb6 21.hxg4 Ne7 22.Rd4
Bc6 23.a4 Ng6 24.a5 Qc7 25.Bd5 Bxd5 26.Rxd5 Ne5 27.Ra4 Rad8 28.Rxd8 Rxd8
29.Rxe4 Qxa5 30.f4 Nd7 31.Rd4 Nf6 32.g5 Ne8 33.Qd1 Rxd4 34.Qxd4 Qb6 35.Qxb6
axb6 36.Kf2 f6 37.gxf6 Nxf6 38.Kf3 Kf7 39.c4 Ke6 40.g4 Ne8 41.Be5 Nd6 42.Bxd6
Kxd6 43.g5 g6 44.e4 Ke6 45.Kg4 Kf7 46.f5 gxf5+ 47.exf5 Kg7 48.Kh5 {#r} 1-0

[Event "Ch Switzerland"]
[Site "masterchessopen.com Leukerbad (Switzerland)"]
[Round "0"]
[White "Fauland Alexander (AUT)"]
[Black "Renet Olivier (FRA)"]
[Result "0-1"]
[WhiteElo "2452"]
[BlackElo "2530"]

1.d4 Nf6 2.c4 e6 3.Nc3 Bb4 4.e3 O-O 5.Bd3 d5 6.Nf3 c5 7.O-O Nc6 8.a3 Bxc3
9.bxc3 Qc7 10.cxd5 exd5 11.dxc5 Bg4 12.a4 Ne5 13.Be2 Nxf3+ 14.Bxf3 Bxf3
15.Qxf3 Rfe8 16.Rb1 Ne4 17.Rb4 Rad8 18.h3 Nxc5 19.Rd1 Ne4 20.Bb2 Rd6 21.Qf4
Qc6 22.f3 Rf6 23.Qh4 Nxc3 24.Re1 Rg6 25.Qd4 a5 26.Rb3 Nxa4 27.Rc1 Qd7 28.Ba1
b5 29.h4 h5 30.Qf4 Rc8 31.Rxc8+ Qxc8 32.Rxb5 Qc1+ 33.Kh2 Qxa1 34.Rxd5 Qb2
35.Rg5 Qb4 36.e4 Rxg5 37.Qxg5 g6 38.Qd8+ Kg7 39.Kh3 Qb6 {#R} 0-1

[Event "Memorial M.Tal"]
[Site "masterchessopen.com Moscow (Russia)"]
[Round "28"]
[White "Belov Igor (RUS)"]
[Black "Zaiatz Elena (RUS)"]
[Result "1-0"]
[WhiteElo "2422"]
[BlackElo "2441"]

1.Nf3 d5 2.d4 Nf6 3.c4 e6 4.Nc3 Bb4 5.e3 O-O 6.Bd3 c5 7.O-O Nc6 8.a3 Bxc3
9.bxc3 Qc7 10.cxd5 exd5 11.a4 c4 12.Be2 Re8 13.Ne1 Bd7 14.Ra2 Na5 15.Nf3 Ne4
16.Bb2 Nb3 17.Ne5 Rxe5 18.dxe5 Bc6 19.e6 fxe6 20.Bg4 Re8 21.f3 Nec5 22.a5 Nd3
23.Qe2 Nxa5 24.Kh1 b6 25.Ba3 Nb3 26.e4 a5 27.Qe3 b5 28.Rc2 Nf4 29.e5 Nd3
30.Bd6 Qf7 31.f4 Qg6 32.Qe2 d4 33.f5 Qh6 34.f6 Nf4 35.Qf2 g5 36.Bf3 Bxf3
37.Qxf3 Qg6 38.Rcf2 dxc3 39.Qxc3 Qf7 40.Qg3 Kh8 41.Qxg5 Nd5 42.Rf3 Rg8 43.Qh6
c3 44.Rg3 Rxg3 45.hxg3 b4 46.g4 c2 47.Qh5 Qxh5+ 48.gxh5 Nb6 49.f7 Nd7 50.h6
{#r} 1-0